[Event "Lazy Baltic Pearl op-A 19th"]
[Site "Lazy"]
[Date "2023.06.30"]
[Round "5"]
[White "Blaszkiewicz, Jakub"]
[Black "Hiszczynski, Jakub"]
[Result "0-1"]
[WhiteElo "1593"]
[BlackElo "1977"]
[PlyCount "72"]
[EventDate "2023.06.26"]
[EventType "swiss"]
[EventRounds "9"]
[EventCountry "POL"]
[SourceTitle "CBM 215 Extra"]
[Source "ChessBase"]
[SourceDate "2023.09.30"]
[SourceVersion "1"]
[SourceVersionDate "2023.09.30"]
[SourceQuality "1"]

1. e4 c5 2. Nf3 d6 3. d4 cxd4 4. Nxd4 Nf6 5. Nc3 a6 6. Bg5 e6 7. f4 h6 8. Bxf6 Qxf6 9. Qd2 Nc6 10. Nb3 g5 11. g3 gxf4 12. Qxf4 Qxf4 13. gxf4 b5 14. a3 Bb7 15. 0-0-0 0-0-0 16. Bh3 Kc7 17. Rhg1 h5 18. f5 Bh6+ 19. Kb1 Bc8 20. fxe6 Bxe6 21. Nd5+ Kb8 22. Rg3 h4 23. Rc3 Kb7 24. Bg2 Bg7 25. e5 Nxe5 26. Na5+ Kb8 27. Nb4 Bc4 28. Re3 Kc7 29. Nxa6+ Kb6 30. Nxc4+ Nxc4 31. Re7 Kxa6 32. Rd5 Be5 33. Bf3 Nb6 34. Rd3 Rd7 35. Rxd7 Nxd7 36. Bc6 Nc5 0-1

[Event "Lazy Baltic Pearl op-A 19th"]
[Site "Lazy"]
[Date "2023.06.29"]
[Round "4"]
[White "Cyra, Dariusz"]
[Black "Blaszkiewicz, Jakub"]
[Result "1/2-1/2"]
[WhiteElo "1863"]
[BlackElo "1593"]
[PlyCount "65"]
[EventDate "2023.06.26"]
[EventType "swiss"]
[EventRounds "9"]
[EventCountry "POL"]
[SourceTitle "CBM 215 Extra"]
[Source "ChessBase"]
[SourceDate "2023.09.30"]
[SourceVersion "1"]
[SourceVersionDate "2023.09.30"]
[SourceQuality "1"]

1. c4 c6 2. e4 d5 3. cxd5 cxd5 4. exd5 Qxd5 5. Nc3 Qd8 6. d4 e6 7. g3 Nf6 8. Bg2 Be7 9. Nf3 0-0 10. 0-0 Nc6 11. Be3 Nb4 12. Ne5 h6 13. Qb3 Nbd5 14. Rac1 Qd6 15. a3 a6 16. Nc4 Qd8 17. Nxd5 Nxd5 18. Bxd5 Qxd5 19. Rc3 b5 20. Nb6 Qxb3 21. Rxb3 Rb8 22. d5 exd5 23. Nxd5 Bd6 24. Rd3 Kh8 25. Nb6 Be5 26. Nxc8 Rbxc8 27. Rd2 Rfd8 28. Rfd1 Rxd2 29. Rxd2 Rc1+ 30. Kg2 Rb1 31. Rd8+ Kh7 32. Ra8 Rxb2 33. Rxa6 1/2-1/2

[Event "Lazy Baltic Pearl op-A 19th"]
[Site "Lazy"]
[Date "2023.06.28"]
[Round "3"]
[White "Blaszkiewicz, Jakub"]
[Black "Bury, Milosz"]
[Result "0-1"]
[WhiteElo "1593"]
[BlackElo "1800"]
[PlyCount "98"]
[EventDate "2023.06.26"]
[EventType "swiss"]
[EventRounds "9"]
[EventCountry "POL"]
[SourceTitle "CBM 215 Extra"]
[Source "ChessBase"]
[SourceDate "2023.09.30"]
[SourceVersion "1"]
[SourceVersionDate "2023.09.30"]
[SourceQuality "1"]

1. e4 c5 2. Nf3 d6 3. d4 cxd4 4. Nxd4 Nf6 5. Nc3 a6 6. Bg5 e6 7. f4 Be7 8. Qf3 Qc7 9. 0-0-0 Nbd7 10. g4 h6 11. Bxf6 Bxf6 12. Kb1 Nb6 13. Rg1 Bd7 14. Bh3 0-0-0 15. Rd3 Kb8 16. Rgd1 Rc8 17. Bg2 Nc4 18. Qe2 Nxb2 19. Kxb2 Bxd4 20. Rxd4 Qxc3+ 21. Kb1 Rc5 22. a4 Rhc8 23. R1d3 Qxc2+ 24. Qxc2 Rxc2 25. Bf3 R2c4 26. Rxc4 Rxc4 27. Rxd6 Bxa4 28. Kb2 Kc7 29. Rd2 Bc6 30. Re2 b5 31. f5 e5 32. h4 f6 33. g5 hxg5 34. hxg5 fxg5 35. Rg2 Bxe4 36. Bxe4 Rxe4 37. Rxg5 Rf4 38. Rxg7+ Kb6 39. Rf7 a5 40. f6 a4 41. Re7 Rxf6 42. Rxe5 Rf2+ 43. Ka3 Rf3+ 44. Ka2 Ka5 45. Kb2 a3+ 46. Ka2 Ka4 47. Re4+ b4 48. Re2 b3+ 49. Kb1 Rf1+ 0-1

[Event "Lazy Baltic Pearl op-A 18th"]
[Site "Lazy"]
[Date "2022.06.29"]
[Round "4"]
[White "Krasniewski, Maciej"]
[Black "Blaszkiewicz, Jakub"]
[Result "1/2-1/2"]
[WhiteElo "1737"]
[BlackElo "1405"]
[PlyCount "54"]
[EventDate "2022.06.26"]
[EventType "swiss"]
[EventRounds "9"]
[EventCountry "POL"]
[SourceTitle "CBM 209 Extra"]
[Source "ChessBase"]
[SourceDate "2022.09.30"]
[SourceVersion "1"]
[SourceVersionDate "2022.09.30"]
[SourceQuality "1"]

1. d4 d5 2. c4 c6 3. Nc3 Nf6 4. Nf3 e6 5. e3 Nbd7 6. b3 Ne4 7. Nxe4 dxe4 8. Nd2 f5 9. Bb2 Bd6 10. c5 Bc7 11. Bc4 Nf6 12. Qc2 0-0 13. h3 Nd5 14. a3 Qh4 15. Bxd5 exd5 16. Nf1 f4 17. Bc1 f3 18. g3 Qh5 19. h4 Bd7 20. Bb2 b6 21. a4 Rfc8 22. Ba3 Qh6 23. Bb4 Kh8 24. Kd2 Bd8 25. Nh2 Be7 26. Qc3 Rab8 27. Kc2 Qf6 1/2-1/2

[Event "POL-ch U13 Qual"]
[Site "Jastrzebia Gora"]
[Date "2021.11.16"]
[Round "3"]
[White "Blaszkiewicz, Jakub"]
[Black "Bartnik, Michal"]
[Result "1/2-1/2"]
[WhiteElo "1462"]
[BlackElo "1595"]
[PlyCount "69"]
[EventDate "2021.11.15"]
[EventType "swiss"]
[EventRounds "9"]
[EventCountry "POL"]
[SourceTitle "EXT 2023"]
[Source "ChessBase"]
[SourceDate "2022.10.05"]
[SourceVersion "1"]
[SourceVersionDate "2022.10.05"]
[SourceQuality "1"]

1. e4 e6 2. d4 d5 3. Nd2 c5 4. c3 Nc6 5. Ngf3 cxd4 6. cxd4 dxe4 7. Nxe4 Be7 8. Be2 Nf6 9. Nc3 0-0 10. 0-0 b6 11. h3 Bb7 12. Be3 Nd5 13. Nxd5 Qxd5 14. b3 Bf6 15. Bc4 Qd7 16. Qd2 Rfd8 17. Rfd1 a6 18. Rac1 b5 19. Bd3 Ne7 20. Ne5 Bxe5 21. dxe5 Nd5 22. Bg5 Rdc8 23. f4 Rxc1 24. Rxc1 Rc8 25. Rf1 Qc6 26. f5 Qc3 27. Qe2 Qd4+ 28. Kh1 Nc3 29. Qd2 Be4 30. Bxe4 Qxd2 31. Bxd2 Nxe4 32. Rc1 Rxc1+ 33. Bxc1 exf5 34. Kg1 Nc3 35. Kf2 1/2-1/2

[Event "Rubinstein Memorial op-D 57th"]
[Site "Polanica Zdroj"]
[Date "2021.08.21"]
[Round "8"]
[White "Hryn, Zofia"]
[Black "Blaszkiewicz, Jakub"]
[Result "1-0"]
[WhiteElo "1592"]
[BlackElo "1362"]
[PlyCount "53"]
[EventDate "2021.08.14"]
[EventType "swiss"]
[EventRounds "9"]
[EventCountry "POL"]
[SourceTitle "CBM 204 Extra"]
[Source "ChessBase"]
[SourceDate "2021.11.30"]
[SourceVersion "1"]
[SourceVersionDate "2021.11.30"]
[SourceQuality "1"]

1. d4 d5 2. c4 c6 3. Nf3 Nf6 4. Nc3 dxc4 5. e3 b5 6. a4 b4 7. Nb1 e6 8. Bxc4 a5 9. 0-0 Be7 10. Nbd2 Nbd7 11. Qc2 Nb6 12. Bd3 Bb7 13. Nb3 0-0 14. e4 h6 15. Bf4 Nbd7 16. Rfd1 c5 17. dxc5 Rc8 18. Qe2 Nxc5 19. Nxc5 Bxc5 20. e5 Nd5 21. Qe4 f5 22. exf6 Rxf6 23. Qh7+ Kf8 24. Be5 Rf7 25. Bg6 Rd7 26. Qh8+ Ke7 27. Qxg7# 1-0

[Event "Rubinstein Memorial op-D 57th"]
[Site "Polanica Zdroj"]
[Date "2021.08.15"]
[Round "2"]
[White "Ziemski, Przemyslaw"]
[Black "Blaszkiewicz, Jakub"]
[Result "1/2-1/2"]
[WhiteElo "1681"]
[BlackElo "1362"]
[PlyCount "86"]
[EventDate "2021.08.14"]
[EventType "swiss"]
[EventRounds "9"]
[EventCountry "POL"]
[SourceTitle "CBM 204 Extra"]
[Source "ChessBase"]
[SourceDate "2021.11.30"]
[SourceVersion "1"]
[SourceVersionDate "2021.11.30"]
[SourceQuality "1"]

1. c4 c5 2. Nc3 Nc6 3. g3 g6 4. Bg2 Bg7 5. e3 d6 6. Nf3 Nf6 7. 0-0 0-0 8. d3 a6 9. Rb1 Rb8 10. a4 Ne8 11. Ne1 Bd7 12. Nc2 Na5 13. Na3 Nc7 14. Bd2 b5 15. b4 Nc6 16. Bxc6 Bxc6 17. cxb5 axb5 18. Ncxb5 Nxb5 19. axb5 Bxb5 20. Nxb5 Rxb5 21. bxc5 Rxc5 22. d4 Rd5 23. Rb7 e6 24. Qb3 h5 25. Bc3 Rf5 26. f4 g5 27. e4 Rf6 28. d5 e5 29. f5 Rh6 30. Bd2 Rh7 31. Rc1 g4 32. Rcc7 Bh6 33. Qb4 Bxd2 34. Qxd2 h4 35. Re7 hxg3 36. hxg3 Qa8 37. Ra7 Qb8 38. Reb7 Qd8 39. Re7 Qb8 40. Reb7 Qd8 41. Re7 Qb8 42. Rab7 Qa8 43. Ra7 Qb8 1/2-1/2